Construcción de la identidad de género en las fuerzas de seguridad centroamericanas /
Kaydedildi:
| Yazar: | |
|---|---|
| Diğer Yazarlar: | |
| Materyal Türü: | Metin |
| Konular: | |
| Etiketler: |
Etiketle
Etiket eklenmemiş, İlk siz ekleyin!
|
MARC
| LEADER | 00000 a a2200000 04500 | ||
|---|---|---|---|
| 001 | 4997 | ||
| 003 | |||
| 040 | |||
| 100 | |a Barrantes Castegnaro, Lina | ||
| 245 | |a Construcción de la identidad de género en las fuerzas de seguridad centroamericanas / |c Lina Barrantes Castegnaro | ||
| 650 | |a VIOLENCIA INTRAFAMILIAR | ||
| 650 | |a POLICIA | ||
| 650 | |a ESTUDIO DE CASOS | ||
| 700 | |a Jiménez Sandoval, Rodrigo | ||
| 773 | |g número 39; páginas 3 | ||
| 999 | |c 24602 |d 24602 | ||
